América Latina y Estados Unidos: el contexto de las relaciones financieras
שמור ב:
| מחבר ראשי: | |
|---|---|
| פורמט: | Texto |
| יצא לאור: |
México :
|
| נושאים: | |
| תגים: |
הוספת תג
אין תגיות, היה/י הראשונ/ה לתייג את הרשומה!
|
MARC
| LEADER | 00000 a a2200000 04500 | ||
|---|---|---|---|
| 001 | 14739 | ||
| 003 | |||
| 040 | |||
| 090 | |a 022300 | ||
| 100 | |a Bendesky, León | ||
| 245 | |a América Latina y Estados Unidos: el contexto de las relaciones financieras | ||
| 260 | |a México : | ||
| 300 | |a 28 p. | ||
| 650 | |a FINANZAS INTERNACIONALES | ||
| 999 | |c 15922 |d 15922 | ||
